Schrumpfende Länder - Statistiken

Allgemein
  • Dieses Quiz wurde 9.463 mal gespielt
  • Das Durchschnittsergebnis liegt bei 11 aus 20
Antwortstatistiken
# Land % Korrekt
190 Mio. China
93%
14.0 Mio. Deutschland
91%
26.1 Mio. Russland
86%
31.5 Mio. Japan
83%
5.43 Mio. Spanien
76%
8.16 Mio. Italien
75%
10.2 Mio. Polen
68%
12.3 Mio. Ukraine
66%
6.35 Mio. Südkorea
60%
2.01 Mio. Portugal
57%
2.24 Mio. Griechenland
55%
6.82 Mio. Rumänien
50%
1.30 Mio. Tschechien
49%
2.92 Mio. Bulgarien
46%
2.08 Mio. Belarus
45%
2.40 Mio. Ungarn
43%
16.1 Mio. Thailand
36%
8.56 Mio. Taiwan
29%
2.44 Mio. Kuba
10%
2.77 Mio. Sri Lanka
8%
Keine übereinstimmenden Quizze gefunden
Verteilung der Resultate
Anzahl Personen mit jedem Resultat
Perzentil nach korrekt beantworteten Fragen
Ihre Resultats-Entwicklung
Sie haben dieses Quiz noch nicht gespielt